Sports Quiz

Random Sports or Hockey Quiz

EA Sports NHL 20 top 50 players by overall Quiz Stats

 Plays Quiz not verified by Sporcle

Score 0/50 Timer 10:00
0 Plays Today
# Player % Correct
1Connor McDavid
99.6%
2Sidney Crosby
99.6%
4Alexander Ovechkin
99.1%
6Patrick Kane
97.8%
11Evgeni Malkin
97.8%
3Nikita Kucherov
97.3%
13Patrice Bergeron
97.3%
12Steven Stamkos
97.3%
10Carey Price
96.9%
15Auston Matthews
96.9%
17Brad Marchand
96.4%
5Nathan MacKinnon
96%
8Drew Doughty
95.5%
24Brent Burns
95.1%
7Victor Hedman
94.2%
18John Tavares
94.2%
26Tyler Seguin
94.2%
37Mitchell Marner
93.7%
22Tuukka Rask
93.3%
27Taylor Hall
92.8%
42Jonathan Toews
92.8%
14Aleksander Barkov
92.4%
20Johnny Gaudreau
91%
21Erik Karlsson
91%
30Anže Kopitar
91%
# Player % Correct
28Vladimir Tarasenko
90.1%
25David Pastrňák
89.7%
32Claude Giroux
89.7%
31Mark Giordano
89.7%
34Blake Wheeler
89.2%
44Jack Eichel
89.2%
19Mikko Rantanen
88.8%
40Alex Pietrangelo
88.8%
16John Gibson
87.9%
9Andrei Vasilevskiy
87.4%
38Braden Holtby
87%
50Dylan Larkin
86.5%
47Sebastian Aho
85.7%
23Sergei Bobrovsky
85.2%
36Artemi Panarin
85.2%
41Brayden Point
85.2%
39John Carlson
84.8%
35Leon Draisaitl
84.3%
49Frederik Andersen
84.3%
33Mark Scheifele
83.4%
43Phil Kessel
83.4%
29Ryan O'Reilly
82.1%
46Jonathan Huberdeau
82.1%
45Morgan Rielly
80.3%
48P.K. Subban
78.5%

You're not logged in!

Compare scores with friends on all Sporcle quizzes.
OR
Log In

Sporcle TV

Today on Sporcle TV


Watch our educational content, quiz creation guides, and fun videos on Sporcle TV.

Show Comments

Extras

Top Quizzes Today


Score Distribution

Your Account Isn't Verified!

In order to create a playlist on Sporcle, you need to verify the email address you used during registration. Go to your Sporcle Settings to finish the process.

Report this User

Report this user for behavior that violates our Community Guidelines.

Details: